000 02051nam a2200373 c 4500
003 BLK
005 20180422114140.0
008 180411b bul|||||r ||||||| ||bul||
010 _aKNG00174605000
020 _a954-445-840-9
_bиздат.: Христо Ботев
040 _aBLK
041 _aBUL
_cBUL
072 7 _2bullib
_aН32
_xПолитика Н
080 _aОтношение между държавата и църквата. Религиозна политика. -Обединяване и разделяне на държавата и църквата. Политика на църквата. Антиклерикализъм. Църквата като носител на държавни функции. Вж
_b322
_x
_z322
080 _aРазлични влияния и отношения на църквата. Църква и ...(еврейство, езичество, морал, духовно развитие и възпитание, култура, държава. Християнска цивилизация. Икуменизъм. Обединение на църквит
_b261
_x
_z261
100 1 _aДимов, Ангел Георгиев
_eпърви автор
_9376801
139 _aДимов, Ангел Георгиев
_bД 60
245 1 0 _aРелигиозна политика
_cАнгел Георгиев Димов.
250 _a5. прераб. и доп. изд.
257 _aBGR
260 София
_bХристо Ботев
_c2014
_fПловдив : Аграр. унив.
300 _a158 с.
_c21 см
380 _a3
500 _a1. изд. 2003. - Библиогр. с. 157-158. - Съдържа и за авт.
650 4 _aРелигия и политика
_9279287
650 4 _aДържава и църква
_9261771
653 _aрелигиозна политика
659 _aН
852 _aЦб 273989
856 4 _qpdf
_u
856 4 _qpdf
_u
942 _cKNG
_n0
944 _aCR
_c24.04.2015
_lф /
_kВиолета_Тройчева
944 _aED
_c27.06.2015
_lф /
_kПенка_Димитрова
999 _c166845
_d166845